Statistics for Groups of Two #2

Click here to take the quiz!

General Stats

  • This quiz has been taken 39,808 times
  • The average score is 25 of 48

Answer Stats

CategoryAnswer% Correct
Major U.S. political partiesRepublican
95%
Major U.S. political partiesDemocratic
95%
Oldest English universitiesOxford
94%
Founders of MicrosoftBill Gates
91%
Most common Chinese dialectsMandarin
89%
Williams sisters of tennisSerena
88%
National animals of AustraliaKangaroo
86%
Oldest English universitiesCambridge
83%
Williams sisters of tennisVenus
82%
Species of elephantAfrican
80%
Largest Italian islandsSicily
79%
Highest mountains in AfricaMt. Kilimanjaro
77%
Species of elephantAsian
74%
Warring families of Romeo & JulietCapulets
71%
Authors of the Communist ManifestoKarl Marx
71%
Largest branches of IslamSunni
62%
Most common Chinese dialectsYue (Cantonese)
60%
Largest branches of IslamShia
59%
Warring families of Romeo & JulietMontagues
57%
Twin-Cities of MinnesotaMinneapolis
54%
Types of treesEvergreen
53%
Members of Wham!George Michael
53%
Good Will Hunting writersMatt Damon
50%
Types of treesDeciduous
48%
Bones of the forearmUlna
48%
Largest Italian islandsSardinia
47%
Good Will Hunting writersBen Affleck
47%
Twin-Cities of MinnesotaSt. Paul
46%
Asteroid movies of 1998Armageddon
45%
Husbands of Jacqueline BouvierJohn F. Kennedy
45%
Louisiana Purchase explorersWilliam Clark
43%
First people to climb EverestEdmund Hillary
42%
Bones of the forearmRadius
42%
Louisiana Purchase explorersMeriwether Lewis
41%
Husbands of Jacqueline BouvierAristotle Onassis
38%
National animals of AustraliaEmu
38%
High holidays of JudaismYom Kippur
34%
Authors of the Communist ManifestoFriedrich Engels
31%
Asteroid movies of 1998Deep Impact
25%
Doubly-landlocked countriesLiechtenstein
23%
First people to climb EverestTenzing Norgay
23%
First American Revolution battlesLexington
23%
First American Revolution battlesConcord
23%
Doubly-landlocked countriesUzbekistan
20%
High holidays of JudaismRosh Hashanah
18%
Founders of MicrosoftPaul Allen
16%
Members of Wham!Andrew Ridgeley
15%
Highest mountains in AfricaMt. Kenya
12%

Score Distribution

Percentile by Number Answered

Percent of People with Each Score

Your Score History

You have not taken this quiz